تحميل...

Malayala sahithya niroopanathil marxisathinte svadheenam (m)

التفاصيل البيبلوغرافية
المؤلف الرئيسي: EMS Namboothiripad
التنسيق: Printed Book
منشور في: Purogamana Kala Sahithya Samgham 1989
الموضوعات:
LEADER 00505nam a2200157 4500
082 |a 8M0.7 EMS-M 
100 |a EMS Namboothiripad 
245 |a Malayala sahithya niroopanathil marxisathinte svadheenam (m) 
250
260 |b Purogamana Kala Sahithya Samgham  |c 1989 
300 |a 64 p 
490
650 |a Malayalam literature Study 
942 |c BK 
999 |c 230270  |d 230270 
952 |0 0  |1 0  |4 0  |6 8M0_7_000000000000000_EMSM  |7 0  |9 244403  |a SDE  |b SDE  |d 2019-12-12  |l 0  |o 8M0.7 EMS-M  |p SDE9659  |r 2019-12-12  |w 2019-12-12  |y BK